000 00331pab a2200145 454500
008 180718b2015 xxu||||| |||| 00| 0 eng d
100 _aRazi, Shahin
245 _aThe continued rural agenda
260 _c2015
300 _ap.6-9.
362 _aApr
650 _aRural development
773 _aKurukshetra
909 _a111347
999 _c111342
_d111342